| 000 | 00652nam a22002057a 4500 | ||
|---|---|---|---|
| 999 |
_c14045 _d14045 |
||
| 003 | AR-CdUCM | ||
| 008 | 190417b ||||| |||| 00| 0 spa d | ||
| 040 |
_aMUNICIPALIDAD PROVINCIAL DEL CUSCO _cBIBLIOTECA MUNICIPAL DEL CUSCO |
||
| 041 | _heng | ||
| 082 |
_aPI / 808.899 / _bD82 |
||
| 110 |
_aPhidal Publishing, Inc. _932623 |
||
| 245 |
_aDisney aviones : _bDusty / |
||
| 260 |
_aMéxico : _bSilver Dolphin, _c2013. |
||
| 300 |
_bilustraciones, _c19 cm. |
||
| 650 |
_aCuento infantil _93319 |
||
| 650 |
_aLiteratura infantil _9588 |
||
| 700 |
_aPuente Moltelongo, Elizabeth (traducción) _932698 |
||
| 942 |
_2ddc _cLIBROS |
||
| 945 |
_aachl _d2019-04-17 |
||